| 000 | 00897nam a22002771 4500 | ||
|---|---|---|---|
| 001 | 75377 | ||
| 003 | BD-RjUL | ||
| 005 | 20211209082659.0 | ||
| 008 | 190330s1968 cch a01 i | ||
| 035 | _a(BD-RjUL75595 | ||
| 040 |
_aDLC _cDLC _dDLC _dBD-RjUL _beng |
||
| 041 | _aeng | ||
| 082 | 0 | 0 |
_a657 _bSIA 1967 |
| 100 | 1 |
_aSimaon, Harry _948805 |
|
| 245 | 1 | 0 |
_aAdvanced accounting, comprehensive volume / _cby Wilbert E. Karrenbrock and Harry Simons. |
| 250 | _a4rth ed. | ||
| 260 |
_aCincinnati : _bSouth-western Pub. Co, _c1968. |
||
| 300 |
_a1040 pages : _bill. ; _c24 cm. |
||
| 500 | _aAuthor's names in reverse order in earlier editions. | ||
| 500 | _aCompanion volume to the authors' Intermediate accounting, comprehensive volume. | ||
| 650 | 0 |
_aAccounting. _9108562 |
|
| 700 | 1 |
_aKarrenbrock, Wilbert E. _d1912- _9229804 |
|
| 942 |
_2ddc _cBK |
||
| 999 |
_c75377 _d75377 |
||